<?xml version="1.0" encoding="UTF-8"?>
<record
    xmlns:xsi="http://www.w3.org/2001/XMLSchema-instance"
    xsi:schemaLocation="http://www.loc.gov/MARC21/slim http://www.loc.gov/standards/marcxml/schema/MARC21slim.xsd"
    xmlns="http://www.loc.gov/MARC21/slim">

  <leader>00571nam a22001817a 4500</leader>
  <controlfield tag="005">20250327155441.0</controlfield>
  <controlfield tag="008">250327b        |||||||| |||| 00| 0 eng d</controlfield>
  <datafield tag="041" ind1=" " ind2=" ">
    <subfield code="a">eng</subfield>
  </datafield>
  <datafield tag="082" ind1=" " ind2=" ">
    <subfield code="a">72028</subfield>
    <subfield code="b">BAH</subfield>
  </datafield>
  <datafield tag="100" ind1=" " ind2=" ">
    <subfield code="a">Bahadure Anuja</subfield>
    <subfield code="9">211769</subfield>
  </datafield>
  <datafield tag="245" ind1=" " ind2=" ">
    <subfield code="a">Impact OF Urbanization On Sociability</subfield>
  </datafield>
  <datafield tag="250" ind1=" " ind2=" ">
    <subfield code="a">Including Ekistics Principle For Sociability In Housing Design</subfield>
  </datafield>
  <datafield tag="260" ind1=" " ind2=" ">
    <subfield code="a">Pune</subfield>
    <subfield code="b">BNCA M Arch Digital Architecture</subfield>
    <subfield code="c">may 2022</subfield>
  </datafield>
  <datafield tag="300" ind1=" " ind2=" ">
    <subfield code="a">53pages</subfield>
    <subfield code="b">Hb</subfield>
    <subfield code="c">21 x 30</subfield>
  </datafield>
  <datafield tag="365" ind1=" " ind2=" ">
    <subfield code="a">150.00</subfield>
    <subfield code="b">INR</subfield>
    <subfield code="c">rupaye</subfield>
  </datafield>
  <datafield tag="500" ind1=" " ind2=" ">
    <subfield code="a">BNCA-M Arch Digital Architecture Thesis</subfield>
  </datafield>
  <datafield tag="942" ind1=" " ind2=" ">
    <subfield code="c">PR</subfield>
  </datafield>
  <datafield tag="999" ind1=" " ind2=" ">
    <subfield code="c">365804</subfield>
    <subfield code="d">365804</subfield>
  </datafield>
  <datafield tag="952" ind1=" " ind2=" ">
    <subfield code="0">0</subfield>
    <subfield code="1">0</subfield>
    <subfield code="2">ddc</subfield>
    <subfield code="4">0</subfield>
    <subfield code="7">0</subfield>
    <subfield code="a">BNCA</subfield>
    <subfield code="b">BNCA</subfield>
    <subfield code="d">2025-03-27</subfield>
    <subfield code="e">M.arch Digital Architecture</subfield>
    <subfield code="g">150.00</subfield>
    <subfield code="i">00</subfield>
    <subfield code="l">0</subfield>
    <subfield code="o">72028 BAH</subfield>
    <subfield code="p">BNCA-PR-2283</subfield>
    <subfield code="r">2025-03-27 00:00:00</subfield>
    <subfield code="v">150.00</subfield>
    <subfield code="w">0000-00-00</subfield>
    <subfield code="y">PR</subfield>
  </datafield>
</record>
